000 00778nam a2200253Ia 4500
003 OSt
005 20221005035607.0
006 a|||||r|||| 00| 0
007 ta
008 221004b |||||||| |||| 00| 0 urd d
020 _a9789384269500 (hbk)
_cINR 250.00
024 _a35608
037 _b4918, 25/02/2017, Kitabi Duniya
_cTextual
040 _aCRL
_cCRL
_burd
041 _2urd
_aurd
082 _aO168,1NRAx, Q6
100 _aRampuri Syed Asad Miyan Asad Au.
_9588427
245 0 _aPattharon ka shahar
260 _aDelhi
_bKitabi duniya India
_c2016
300 _a160p.
_ccm.
650 _aURDU POETRY
942 _hO168,1NRAx, Q6
_cTEXL
_2cc
999 _c945439
_d945439